000 00734cam a22002415a 4500
001 2614418
005 20171221132925.0
008 980211s2000 flua frb 001 0 eng d
020 _a084939810X
020 _a9780849398100
040 _aDLC
_cDLC
_dDLC
_dEG-ScBUE
_beng
082 0 4 _a620.009
_222
_bGAR
100 1 _aGarrison, Ervan G.
245 1 2 _aA history of engineering and technology :
_bartful methods /
_cErvan G. Garrison.
250 _a2nd ed.
260 _aBoca Raton :
_bCRC Press,
_c2000.
300 _axii, 347 p. :
_bill. ;
_c26 cm.
504 _aIncludes bibliographical references and index.
650 7 _aEngineering
_xHistory.
_2BUEsh
651 _2BUEsh
653 _bGGEN
_bENGGEN
_cDecember2017
942 _2ddc
999 _c25765
_d25737